00535nam a2200193Ia 4500003000400000008004100004020001500045040001600060082001300076100001800089245004700107700001700154260005200171300002800223490003200251650002300283650001500306650002000321GCL140319s9999 xx 000 0 eng d a185715116X aGCL / cGCL04a823bH R1 aHARDY, THOMAS10aTHE RETURN OF THE NATIVE / cHARDY, THOMAS1 aBAYLEY, JOHN aانجلترا : bEVERYMAN'S LIBRARY ، c1992 a20 CM ؛ cXXXIX, 498 P aTHE MILLENNIUM LIBRARYv11604aENGLISH LITERATURE04aLITERATURE04aENGLISH FICTION